Essential Psychology. (Record no. 2482)

MARC details
000 -LEADER
fixed length control field 00536nam a22001937a 4500
003 - CONTROL NUMBER IDENTIFIER
control field OSt
005 - DATE AND TIME OF LATEST TRANSACTION
control field 20151109185426.0
008 - FIXED-LENGTH DATA ELEMENTS--GENERAL INFORMATION
fixed length control field 151109b xxu||||| |||| 00| 0 eng d
020 ## - INTERNATIONAL STANDARD BOOK NUMBER
International Standard Book Number 041518889
040 ## - CATALOGING SOURCE
Transcribing agency DLMN
050 ## - LIBRARY OF CONGRESS CALL NUMBER
Classification number WY 87
Item number .R913e 1999.
100 ## - MAIN ENTRY--PERSONAL NAME
Personal name Russell,Graham;
9 (RLIN) 6055
245 ## - TITLE STATEMENT
Title Essential Psychology.
Remainder of title For Nurses and other health Professionals.
260 ## - PUBLICATION, DISTRIBUTION, ETC. (IMPRINT)
Place of publication, distribution, etc. London Newyork.
Name of publisher, distributor, etc. ROUTLEDGE.
Date of publication, distribution, etc. 1999.
300 ## - PHYSICAL DESCRIPTION
Extent vii,230p;
Other physical details ill;
Dimensions 32cm
504 ## - BIBLIOGRAPHY, ETC. NOTE
Bibliography, etc includes index.<br/>
650 ## - SUBJECT ADDED ENTRY--TOPICAL TERM
Topical term or geographic name as entry element Psychology.
9 (RLIN) 31
942 ## - ADDED ENTRY ELEMENTS (KOHA)
Source of classification or shelving scheme Dewey Decimal Classification
Koha item type Short Loan
Holdings
Withdrawn status Lost status Source of classification or shelving scheme Damaged status Not for loan Home library Current library Date acquired Source of acquisition Inventory number Total Checkouts Barcode Date last seen Price effective from Koha item type
    Dewey Decimal Classification     MUST Main Library MUST Main Library 09/11/2015   02/17517   2015-2507 09/11/2015 09/11/2015 Short Loan
    Dewey Decimal Classification     MUST Main Library MUST Main Library 27/01/2020 Purchase 2001/15892   2020-0139 27/01/2020 27/01/2020 Open Shelf